000 00663nam a2200241Ia 4500
003 OSt
005 20220927105314.0
006 a|||||r|||| 00| 0
007 ta
008 220926b |||||||| |||| 00| 0 eng d
024 _a180233
037 _cReference Collections
040 _aRTL
_cRTL
_beng
041 _2eng
_aeng
082 _a"X:31.49ms, P7/UN"
110 _aUNITED NATIONS
245 0 _aNational accounts studies of the ESCWA region.
260 _aNew
_bYork United Nations
_c2007
300 _a"xv,85p."
_ccm.
700 _aUNITED NATIONS
942 _h"X:31.49ms, P7/UN"
_cCC
999 _c691711
_d691711